<The> Several remarks on controversy about the causes and consequences of significantly increasing economic inequality on the early 21st century

Špecifikácia nutných opatrení na zmiernenie procesov generejúcich ekonomickú nerovnosť. Overenie o hypotéze ekonomickej efektívnosti z držania veľkého bohatstva malou skupinou ľudí.

Salvato in:
Dettagli Bibliografici
Autore principale: Rozborilová, Dária
Natura: Capitolo di libro
Lingua:inglese
Soggetti:
Tags: Aggiungi Tag
Nessun Tag, puoi essere il primo ad aggiungerne!!

MARC

LEADER 00000naa$a2200000$$$4500
001 0209614
005 20240502083523.5
041 0 |a eng 
044 |a BG 
245 1 0 |a <The> Several remarks on controversy about the causes and consequences of significantly increasing economic inequality on the early 21st century  |c Dária Rozborilová 
520 |a Špecifikácia nutných opatrení na zmiernenie procesov generejúcich ekonomickú nerovnosť. Overenie o hypotéze ekonomickej efektívnosti z držania veľkého bohatstva malou skupinou ľudí. 
610 2 0 |a nerovnosť dôchodková 
610 2 0 |a riziko 
610 2 0 |a chudoba 
610 2 0 |a bohatstvo 
100 1 |a Rozborilová, Dária